• 首页
  • 本馆介绍
  • 公告通知
  • 最新文献
  • 馆藏检索
  • 电子资源
  • 读者导购
  • 参考咨询
  • 我的图书馆
  • 登录
  • 详细信息显示
  • 放入我的书架
  • 预约/预借图书
  • 作者相关作品
  • 分类相关作品
  • 丛书相关作品
  • 出版社相关作品

书目信息

  • 表格格式
  • 工作单格式
  • 卡片格式
题名:
眼科病理学
    
 
作者: 孙为荣 主编
分册:  
出版信息: 北京   人民卫生出版社  1997
页数: 25,764,24页
开本: 26cm
丛书名:
单 册:
中图分类: R770.2
科图分类:
主题词: 眼科学--病理学 , 眼科学 , 病理学
电子资源:
ISBN: 7-117-02419-4
000 00664nam0 2200241 450
001 1536825574
005 20150130101402.39
010    @a7-117-02419-4@b精装@dCNY114.10
100    @a19970626d1997 emky0chiy0110 ea
101 0  @achi
102    @aCN@b110000
105    @af z 000yy
200 1  @a眼科病理学@9yan ke bing li xue@f孙为荣主编
210    @a北京@c人民卫生出版社@d1997
215    @a25,764,24页@c图@d26cm
510 1  @aOphthalmic pathology@zeng
606 0  @a眼科学@x病理学
606 0  @a眼科学
606 0  @a病理学
690    @aR770.2@v5
701  0 @a孙为荣@9sun wei rong@f(1936~)@4主编
801  0 @aCN@bTSSF@c20150130
905    @aZUCC@dR770.2@eJY328
    
    眼科病理学/孙为荣主编.-北京:人民卫生出版社,1997
    25,764,24页:图;26cm
    
    
    ISBN 7-117-02419-4(精装):CNY114.10
    
●
相关链接 在E读中查询图书 在五车中查询图书 在当当中查询图书 在豆瓣中查询图书


正题名:眼科病理学     索取号:R770.2/JY328         预约/预借

序号 登录号 条形码 馆藏地/架位号 状态 备注
1 7862643   278626435   学院路分馆/ [索取号:R770.2/JY328] 在馆    
唐山师范学院图书馆 欢迎您!
大连网信软件有限公司© 版权所有